Normal view
MARC view
- Viswanathan , B, Scibioh, M.Aulice
Entry Personal Name
001 - CONTROL NUMBER
- control field: 62222
003 - CONTROL NUMBER IDENTIFIER
- control field: NUST
005 - DATE AND TIME OF LATEST TRANSACTION
- control field: 20210628202911.0
008 - FIXED-LENGTH DATA ELEMENTS
- fixed length control field: 210628|| aca||aabn | a|a d
040 ## - CATALOGING SOURCE
- Original cataloging agency: NUST
- Transcribing agency: NUST
100 ## - HEADING--PERSONAL NAME
- Personal name: Viswanathan , B, Scibioh, M.Aulice
670 ## - SOURCE DATA FOUND
- Source citation: Work cat.: (NUST): Viswanathan , B, Scibioh, M.Aulice, Fuel cells, principles and applications, 2006
